Institutes of the Christian religion : (Record no. 129634)
[ view plain ]
| 000 -LEADER | |
|---|---|
| fixed length control field | 02210cam a2200313 a 4500 |
| 001 - CONTROL NUMBER | |
| control field | 15634495 |
| 003 - CONTROL NUMBER IDENTIFIER | |
| control field | ARRUPE |
| 005 - DATE AND TIME OF LATEST TRANSACTION | |
| control field | 20190522104022.0 |
| 008 - FIXED-LENGTH DATA ELEMENTS--GENERAL INFORMATION | |
| fixed length control field | 090223s2009 miu b 001 0 eng |
| 010 ## - LIBRARY OF CONGRESS CONTROL NUMBER | |
| LC control number | 2009007562 |
| 020 ## - INTERNATIONAL STANDARD BOOK NUMBER | |
| International Standard Book Number | 9780802807748 (pbk. : alk. paper) |
| 020 ## - INTERNATIONAL STANDARD BOOK NUMBER | |
| International Standard Book Number | 0802807747 (alk. paper) |
| 035 ## - SYSTEM CONTROL NUMBER | |
| System control number | (OCoLC)ocn262878946 |
| 040 ## - CATALOGING SOURCE | |
| Original cataloging agency | DLC |
| Transcribing agency | DLC |
| Modifying agency | YDX |
| -- | BTCTA |
| -- | YDXCP |
| -- | EMT |
| -- | TLE |
| -- | CDX |
| -- | DLC |
| 041 1# - LANGUAGE CODE | |
| Language code of text/sound track or separate title | eng |
| Language code of original and/or intermediate translations of text | fre |
| -- | lat |
| 050 00 - LIBRARY OF CONGRESS CALL NUMBER | |
| Classification number | BX9420 |
| Item number | .I65 2014 |
| 082 00 - DEWEY DECIMAL CLASSIFICATION NUMBER | |
| Classification number | 230/.42 |
| Edition number | 22 |
| 300 ## - PHYSICAL DESCRIPTION | |
| Dimensions | 23 cm. |
| 100 1# - MAIN ENTRY--PERSONAL NAME | |
| Personal name | Calvin, Jean, |
| Dates associated with a name | 1509-1564. |
| 9 (RLIN) | 27715 |
| 245 10 - TITLE STATEMENT | |
| Title | Institutes of the Christian religion : |
| Remainder of title | Calvin's own 'essentials' edition / |
| Statement of responsibility, etc | John Calvin ; translated from the first French edition by Robert White |
| 260 ## - PUBLICATION, DISTRIBUTION, ETC. (IMPRINT) | |
| Place of publication, distribution, etc | Edinburgh : |
| Name of publisher, distributor, etc | The banner of truth trust., |
| Date of publication, distribution, etc | 2014. |
| 300 ## - PHYSICAL DESCRIPTION | |
| Extent | xxxvi, 882 p. ; |
| 500 ## - GENERAL NOTE | |
| General note | Includes bibliographical references and indexes. |
| 505 0# - FORMATTED CONTENTS NOTE | |
| Formatted contents note | Introduction / by Elsie Anne McKee -- The argument of this book -- Dedication to Francis I -- Of the knowledge of God -- Of the knowledge of man and of free will -- Of the law -- Of faith, where the Apostles' Creed is explained -- Of penitence -- Of justification by faith and by the merits of works -- Of the similarities and differences between the Old and New Testaments -- Of God's predestination and providence -- Of prayer, where the prayer of Our Lord is explained -- Of the Sacraments -- Of Baptism -- Of the Lord's Supper -- Of the five other ceremonies falsely called Sacraments : that is, confirmation, penance, extreme unction, ecclesiastical orders, and marriage -- Of Christian liberty -- Of the power of the church -- Of civil government -- Of the Christian life. |
| 650 #0 - SUBJECT ADDED ENTRY--TOPICAL TERM | |
| Topical term or geographic name as entry element | Reformed Church |
| General subdivision | Doctrines |
| Form subdivision | Early works to 1800. |
| 9 (RLIN) | 46490 |
| 650 #0 - SUBJECT ADDED ENTRY--TOPICAL TERM | |
| Topical term or geographic name as entry element | Theology, Doctrinal |
| Form subdivision | Early works to 1800. |
| 9 (RLIN) | 46491 |
| 700 1# - ADDED ENTRY--PERSONAL NAME | |
| Personal name | White, Robert |
| 9 (RLIN) | 18229 |
| 906 ## - LOCAL DATA ELEMENT F, LDF (RLIN) | |
| a | 7 |
| b | cbc |
| c | orignew |
| d | 1 |
| e | ecip |
| f | 20 |
| g | y-gencatlg |
| 942 ## - ADDED ENTRY ELEMENTS (KOHA) | |
| Source of classification or shelving scheme | Library of Congress Classification |
| Koha item type | Monograph ( Printed materials) |
| Withdrawn status | Lost status | Source of classification or shelving scheme | Damaged status | Not for loan | Collection code | Home library | Current library | Shelving location | Date acquired | Total Checkouts | Full call number | Barcode | Date last seen | Price effective from | Koha item type |
|---|---|---|---|---|---|---|---|---|---|---|---|---|---|---|---|
| Library of Congress Classification | Main Collection | ARRUPE LIBRARY | ARRUPE LIBRARY | Main Collection | 22/05/2019 | BX9420 .I65 2014 | 46600004794 | 22/05/2019 | 22/05/2019 | Monograph ( Printed materials) |